header

Communications satellite technology (Record no. 121189)

MARC details
000 -LEADER
fixed length control field 01666nam a2200349 a 4500
245 10 - TITLE STATEMENT
Title Communications satellite technology
260 ## - PUBLICATION, DISTRIBUTION, ETC. (IMPRINT)
Place of publication Cambridge, Mass. :
Name of publisher MIT Press,
Year of publication [1974]
300 ## - PHYSICAL DESCRIPTION
Number of Pages xv, 540 p. :
Other physical details ill.
490 1# - SERIES STATEMENT
Series statement Progress in astronautics and aeronautics ;
500 ## - GENERAL NOTE
General note "Technical papers selected from the AIAA 4th Communications Satellite Systems Conference, April 1972, subsequently revised for this volume. In addition, the volume contains specially invited papers to round out the coverage of the subject."
650 #0 - SUBJECT ADDED ENTRY--TOPICAL TERM
Topical Term Artificial satellites in telecommunication
700 1# - ADDED ENTRY--PERSONAL NAME
Personal name Bargellini, P. L.
856 40 - ELECTRONIC LOCATION AND ACCESS
Uniform Resource Identifier http://site.ebrary.com/lib/rucke/Doc?id=10516656

No items available.

© 2026 Rongo University
Contact us: librarian | system librarian | Rongo university